| 000 | 00594nam a2200193Ia 4500 | ||
|---|---|---|---|
| 003 | OSt | ||
| 005 | 20260105143232.0 | ||
| 008 | 210210b1948 xxu||||| |||| 00| 0 eng d | ||
| 040 | _cAL | ||
| 041 | _aKannada | ||
| 082 | _a859/1673 | ||
| 100 |
_aVASUDEVA SHENAI (K) _9156247 _dವಾಸುದೇವ ಶೆಣೈ (ಕೆ) |
||
| 245 |
_aJapan belaku mattu itara kathegalu: _bಜಪಾನ್ ಬೆಳಕು ಮತ್ತು ಇತರ ಕತೆಗಳು |
||
| 260 |
_aMangaluru _b- _c1948 |
||
| 650 |
_amattu _9156248 |
||
| 690 |
_aKannada Fiction _9156249 |
||
| 906 | _a022395 | ||
| 942 |
_2ddc _cBK |
||
| 999 |
_c146735 _d146735 |
||